000 00881nam2a2200241 4500
001 rc\3012628
005 20260315064218.0
035 _a(NLR Aleph) 007155044
090 _a13617420
_c13617420
100 _a20110924d1944 u y0rusy50 ca
101 0 _arus
102 _aRU
105 _ay z |||||
200 0 _aВып. 1
_f[Сост. Е. Лопатина]
210 _d1944
215 _a71 с.
461 0 _1001rc\3012627
_12000#$aВ помощь партработнику$eСб. материалов. Вып. 1 -$vВып. 1
_97191066
_cСталинабад
_d1944
_nГосиздат при СНК Тадж. ССР
_oСб. материалов. Вып. 1 -
_tВ помощь партработнику
_vВып. 1
702 1 _aЛопатина
_bЕ.
_4220
801 0 _aRU
_bNLR
_gpsbo
801 1 _aRU
_bELAR
_2rusmarc
852 _aNLR
_jИп10 Г-4/115
942 _cUNSPEC
980 _aNB